000 00346nam a22001577a 4500
020 _a978-81-907403-7-1
082 _a823
_bBHA/T
100 _aBHARAT
245 _aGANGA
_bSTORY BOOK
246 _aGANGA
_bSTORY BOOK
260 _aDELHI
_bRAJA POCKET BOOKS
_c2011
300 _a48
520 _aSHORT STORY
650 _aSHORT STORY
942 _cBK
999 _c2442
_d2442